El movimiento indígena y los movimientos del Alca : (Registro nro. 5208)
[ vista simple ]
| 000 -LEADER | |
|---|---|
| fixed length control field | 01071nam a2200241Ia 4500 |
| 003 - CONTROL NUMBER IDENTIFIER | |
| control field | OSt |
| 005 - DATE AND TIME OF LATEST TRANSACTION | |
| control field | 20200413155918.0 |
| 008 - FIXED-LENGTH DATA ELEMENTS--GENERAL INFORMATION | |
| fixed length control field | 191128s2004 ck a gr 000 0 spa d |
| 020 ## - INTERNATIONAL STANDARD BOOK NUMBER | |
| International Standard Book Number | 9589262424 |
| 040 ## - CATALOGING SOURCE | |
| Original cataloging agency | CO-JMCR |
| Transcribing agency | CO-JMCR |
| 041 0# - LANGUAGE CODE | |
| Language code of text/sound track or separate title | spa |
| 082 04 - DEWEY DECIMAL CLASSIFICATION NUMBER | |
| Classification number | 323.11 / |
| Item number | Z161m |
| Edition number | 23 |
| 100 1# - MAIN ENTRY--PERSONAL NAME | |
| Personal name | Zapata Cardona, Carlos Andrés, |
| Relator term | autor |
| 9 (RLIN) | 2968 |
| 245 13 - TITLE STATEMENT | |
| Title | El movimiento indígena y los movimientos del Alca : |
| Remainder of title | una reflexión desde la historia / |
| Statement of responsibility, etc. | Carlos Andrés Zapata Cardona |
| 260 ## - PUBLICATION, DISTRIBUTION, ETC. | |
| Place of publication, distribution, etc. | Bogotá : |
| Name of publisher, distributor, etc. | Plataforma Colombiana de Derechos Humanos, Democracia y Desarrollo, |
| Date of publication, distribution, etc. | 2004 |
| 300 ## - PHYSICAL DESCRIPTION | |
| Extent | 142 páginas : |
| Other physical details | ilustraciones a blanco y negro ; |
| Dimensions | 17 cm. |
| 490 0# - SERIES STATEMENT | |
| Series statement | Alcatemas |
| 505 0# - FORMATTED CONTENTS NOTE | |
| Formatted contents note | De inferiores y salvajes, a ciudadanos con todos los derechos -- Unidad y organziación -- Sin soberanía, ¿cuál autonomía? -- Si la tierra es nuestra, es nuestro lo que nos dé -- La cultura es identidad y libertad |
| 650 14 - SUBJECT ADDED ENTRY--TOPICAL TERM | |
| Topical term or geographic name entry element | Colonización |
| Geographic subdivision | Colombia |
| 9 (RLIN) | 2969 |
| 650 14 - SUBJECT ADDED ENTRY--TOPICAL TERM | |
| Topical term or geographic name entry element | Indígenas |
| Geographic subdivision | Colombia |
| 9 (RLIN) | 2970 |
| 650 14 - SUBJECT ADDED ENTRY--TOPICAL TERM | |
| Topical term or geographic name entry element | Derechos sociales |
| Geographic subdivision | Colombia |
| 9 (RLIN) | 2971 |
| 942 ## - ADDED ENTRY ELEMENTS (KOHA) | |
| Source of classification or shelving scheme | Dewey Decimal Classification |
| Koha item type | Books |
| Withdrawn status | Lost status | Source of classification or shelving scheme | Damaged status | Not for loan | Collection code | Home library | Current library | Date acquired | Source of acquisition | Cost, normal purchase price | Total Checkouts | Full call number | Barcode | Date last seen | Copy number | Koha item type |
|---|---|---|---|---|---|---|---|---|---|---|---|---|---|---|---|---|
| Dewey Decimal Classification | Non-fiction | Biblioteca Pública José María del Castillo y Rada | Biblioteca Pública José María del Castillo y Rada | 04/15/2018 | Donación | 0.00 | 323.11 / Z161m | 430001531 | 05/16/2024 | Ej.1 | Books |